[Event " PANAMERICANO SUB20 Femenino "COLOMBIA 2016" Guatapé (Antioquia) Junio 19 al 2"]
[Site "Guatape-Colombia"]
[Date "2016.06.21"]
[Round "3"]
[Board "6"]
[White "Gomez Barrera, Javiera Belen"]
[Black "Rosales Murillo, Cristina"]
[Result "1-0"]
[WhiteElo "1959"]
[BlackElo "1747"]
[PlyCount "0"]
[EventDate "2016.06.20"]
[EventRounds "9"]
[EventCountry "COL"]

1. e4 c5 2. Nf3 g6 3. d4 cxd4 4. Nxd4 Bg7 5. Nc3 d6 6. Be3 Nf6 7. Qd2 Nc6 8. f3
O-O 9. Bc4 Qa5 10. O-O-O Nxd4 11. Bxd4 Be6 12. Bxe6 fxe6 13. Kb1 Rac8 14. Rhe1
Nh5 15. Bxg7 Nxg7 16. h4 Nh5 17. e5 d5 18. Qg5 Qc5 19. Rc1 Qb4 20. Ne2 Rf7 21.
c3 Qc4 22. Rcd1 Qb5 23. g4 Ng7 24. Nd4 Qb6 25. Ka1 Rcf8 26. Rh1 Kh8 27. Qh6 a5
28. h5 gxh5 29. g5 Ne8 30. Rxh5 Nc7 31. Rdh1 Rg7 32. g6 a4 33. Qg5 a3 34. Rxh7+
Rxh7 35. Rxh7+  1-0

[Event " PANAMERICANO SUB20 Femenino "COLOMBIA 2016" Guatapé (Antioquia) Junio 19 al 2"]
[Site "Guatape-Colombia"]
[Date "2016.06.21"]
[Round "3"]
[Board "7"]
[White "Cespedes Galindo, Estefania"]
[Black "Solis Chimoy, Blanca"]
[Result "1-0"]
[WhiteElo "1713"]
[BlackElo "1931"]
[PlyCount "0"]
[EventDate "2016.06.20"]
[EventRounds "9"]
[EventCountry "COL"]

1. e4 d6 2. d4 Nf6 3. f3 g6 4. Be3 Bg7 5. Bd3 a6 6. c4 Nbd7 7. Ne2 c5 8. Nbc3
O-O 9. O-O cxd4 10. Nxd4 Ne5 11. Be2 Nfd7 12. Rc1 Nc6 13. a3 a5 14. Ndb5 Nc5
15. Qc2 Be6 16. Rcd1 b6 17. f4 Qb8 18. f5 Bc8 19. Nd5 a4 20. f6 exf6 21. Nxf6+
Kh8 22. Rxd6 Na7 23. e5 Bf5 24. Rxf5 gxf5 25. Qxf5 Nxb5 26. Qxh7#  1-0

[Event " PANAMERICANO SUB20 Femenino "COLOMBIA 2016" Guatapé (Antioquia) Junio 19 al 2"]
[Site "Guatape-Colombia"]
[Date "2016.06.21"]
[Round "3"]
[Board "8"]
[White "Becerra Fonseca, Camila"]
[Black "Velez Alvarez, Laura Camila"]
[Result "0-1"]
[WhiteElo "1325"]
[BlackElo "1876"]
[PlyCount "50"]
[EventDate "2016.06.20"]
[EventRounds "9"]
[EventCountry "COL"]

1. d4 Nf6 2. Nf3 d6 3. c3 g6 4. Bg5 Bg7 5. Nbd2 O-O 6. e4 c6 7. Bd3 Nbd7 8. O-O
e5 9. Re1 Re8 10. Nc4 Qc7 11. Qc1 b5 12. Na3 Nf8 13. b4 Nh5 14. Bh6 Bg4 15.
Bxg7 Kxg7 16. Re3 Nf4 17. h3 Bxf3 18. Rxf3 Qe7 19. Kh2 N8e6 20. d5 cxd5 21.
exd5 Nxd3 22. Rxd3 Nf4 23. Rf3 Nxd5 24. Nxb5 Rab8 25. Nxa7 Qxa7  0-1

[Event " PANAMERICANO SUB20 Femenino "COLOMBIA 2016" Guatapé (Antioquia) Junio 19 al 2"]
[Site "Guatape-Colombia"]
[Date "2016.06.21"]
[Round "3"]
[Board "10"]
[White "Viveros, Erica Johana"]
[Black "Varela, Maria De Los Angeles"]
[Result "1/2-1/2"]
[WhiteElo "1855"]
[BlackElo "1602"]
[PlyCount "108"]
[EventDate "2016.06.20"]
[EventRounds "9"]
[EventCountry "COL"]

1. e4 c5 2. Nf3 e6 3. d4 cxd4 4. Nxd4 a6 5. Bd3 Qc7 6. Qe2 Bd6 7. g3 Nc6 8.
Nxc6 bxc6 9. Nd2 Bc5 10. O-O Ne7 11. c3 O-O 12. b4 Ba7 13. Nc4 Ng6 14. Bd2 d5
15. exd5 cxd5 16. Nb2 Bb7 17. Rfe1 Rfe8 18. c4 Bd4 19. Rab1 Bxb2 20. Rxb2 dxc4
21. Rc2 Rad8 22. Rxc4 Qd6 23. Bxg6 hxg6 24. Be3 Qd5 25. f3 Qxf3 26. Qxf3 Bxf3
27. a4 Rd3 28. Kf2 Bd5 29. Rc7 Ra3 30. a5 Rb3 31. Bc5 Bc4 32. h4 Rd8 33. Re3
Rd2+ 34. Kf3 Rbb2 35. Kf4 Rf2+ 36. Ke4 Bd5+ 37. Ke5 Rbd2 38. Kd6 Rfe2 39. Ke7
Rxe3 40. Bxe3 Rd3 41. Bf4 Kh7 42. Kf8 Kh8 43. Rc8 Kh7 44. Rd8 Bc4 45. Rxd3 Bxd3
46. Kxf7 Bf5 47. Be5 Kh6 48. Bxg7+ Kh5 49. Be5 Kg4 50. Kf6 Kf3 51. Kg5 Ke4 52.
Bd6 Kd5 53. Bc5 Bd3 54. g4 e5  1/2-1/2

[Event " PANAMERICANO SUB20 Femenino "COLOMBIA 2016" Guatapé (Antioquia) Junio 19 al 2"]
[Site "Guatape-Colombia"]
[Date "2016.06.21"]
[Round "3"]
[Board "11"]
[White "Velasquez, Angie Gabriela"]
[Black "Norena Yepez, Vanessa"]
[Result "0-1"]
[WhiteElo "1736"]
[BlackElo "1567"]
[PlyCount "70"]
[EventDate "2016.06.20"]
[EventRounds "9"]
[EventCountry "COL"]

1. e4 c5 2. d3 Nc6 3. g3 g6 4. Bg2 Bg7 5. f4 d6 6. Nf3 Bg4 7. c3 Qd7 8. O-O Bh3
9. Be3 Bxg2 10. Kxg2 Nf6 11. Nbd2 Ng4 12. Bg1 h5 13. Qe2 O-O 14. h3 Nh6 15. Bf2
b5 16. d4 b4 17. Rac1 bxc3 18. bxc3 cxd4 19. cxd4 d5 20. e5 e6 21. Nb3 Rfc8 22.
Nc5 Qe7 23. Rc3 Bf8 24. Rfc1 Qe8 25. Nd2 Nf5 26. Ndb3 Bxc5 27. Rxc5 a5 28. a4
Nb4 29. Rxc8 Rxc8 30. Rxc8 Qxc8 31. Nxa5 Qc3 32. Qe1 Qb2 33. Kh1 Nd3 34. Qf1
Nxf2+ 35. Kg1 Ne4  0-1

[Event " PANAMERICANO SUB20 Femenino "COLOMBIA 2016" Guatapé (Antioquia) Junio 19 al 2"]
[Site "Guatape-Colombia"]
[Date "2016.06.22"]
[Round "4"]
[Board "1"]
[White "Argote Heredia, Valentina"]
[Black "Fuentes Godoy, Lilia Ivonne"]
[Result "0-1"]
[WhiteElo "2039"]
[BlackElo "2094"]
[PlyCount "0"]
[EventDate "2016.06.20"]
[EventRounds "9"]
[EventCountry "COL"]

1. e4 c5 2. Nf3 Nc6 3. d4 cxd4 4. Nxd4 e5 5. Nb5 d6 6. N1c3 a6 7. Na3 Be7 8.
Nd5 Nf6 9. Be3 Nxd5 10. exd5 Nd4 11. Bxd4 exd4 12. Qxd4 O-O 13. O-O-O Bf6 14.
Qd2 Bg4 15. Re1 Rc8 16. Nc4 Bf5 17. Bd3 Bg5 18. Ne3 Bd7 19. h4 Bf6 20. Qb4 Qc7
21. a4 a5 22. Qb3 Bd4 23. Nf5 Bf6 24. Kb1 Rfe8 25. g4 g6 26. g5 Be5 27. Ne3 Qc5
28. Nc4 Bxa4 29. Qb6 Bxc2+ 30. Bxc2 Qxc4 31. Bb3 Qd3+ 32. Ka2 a4 33. Bxa4 Ra8
34. Qb3 Qd4 35. Ka3 Rxa4+  0-1

[Event " PANAMERICANO SUB20 Femenino "COLOMBIA 2016" Guatapé (Antioquia) Junio 19 al 2"]
[Site "Guatape-Colombia"]
[Date "2016.06.22"]
[Round "4"]
[Board "2"]
[White "Monroy G., Nataly A."]
[Black "Brizzi, Milagros Tatiana"]
[Result "1-0"]
[WhiteElo "1999"]
[BlackElo "1990"]
[PlyCount "0"]
[EventDate "2016.06.20"]
[EventRounds "9"]
[EventCountry "COL"]

1. d4 d5 2. Nf3 Nf6 3. c4 c6 4. Nc3 e6 5. g3 dxc4 6. Bg2 b5 7. Ne5 Qb6 8. O-O
Bb7 9. e4 Nfd7 10. Ng4 h5 11. Ne3 h4 12. a4 hxg3 13. hxg3 a6 14. d5 Nc5 15.
dxe6 Nxe6 16. Nf5 Nd7 17. Be3 Qc7 18. axb5 axb5 19. Rxa8+ Bxa8 20. f4 Bc5 21.
Bxc5 Ndxc5 22. Nd6+ Kf8 23. Bf3 Nd3 24. e5 Nd4 25. Kg2 Qd7 26. Rh1 Rxh1 27.
Qxh1 Nxf3 28. Qh8+ Ke7 29. Kxf3 Bb7 30. Qb8 Nc5 31. Nce4 Nxe4 32. Kxe4 Ba6 33.
Qa8 f5+ 34. Ke3 Qe6 35. Qe8#  1-0

[Event " PANAMERICANO SUB20 Femenino "COLOMBIA 2016" Guatapé (Antioquia) Junio 19 al 2"]
[Site "Guatape-Colombia"]
[Date "2016.06.22"]
[Round "4"]
[Board "3"]
[White "Roca Rojas, Ana Flavia"]
[Black "Gomez Barrera, Javiera Belen"]
[Result "1-0"]
[WhiteElo "2177"]
[BlackElo "1959"]
[PlyCount "0"]
[EventDate "2016.06.20"]
[EventRounds "9"]
[EventCountry "COL"]

1. e4 e5 2. Nf3 Nc6 3. Bc4 Bc5 4. O-O Nf6 5. d3 d6 6. c3 Bb6 7. a4 a6 8. Re1
O-O 9. h3 Ne7 10. Nbd2 Ng6 11. Nf1 Be6 12. Bb3 Nh5 13. d4 Nhf4 14. Be3 Nh4 15.
Nxh4 Qxh4 16. Bxe6 fxe6 17. Qg4 Qf6 18. Bxf4 exf4 19. e5 dxe5 20. Rxe5 Qg6 21.
Qxg6 hxg6 22. Rxe6 Kf7 23. Re4 g5 24. Nd2 Rfe8 25. Rae1 Rxe4 26. Rxe4 Rd8 27.
Nc4 Ba7 28. Ne5+ Kf8 29. Nf3 Rd5 30. h4 gxh4 31. Rxf4+ Kg8 32. Rxh4 b5 33. axb5
Rxb5 34. b4 a5 35. bxa5 Rxa5 36. Re4 Ra1+ 37. Kh2 Rc1 38. Ng5 g6 39. Re3 Rc2
40. f4 Bb6 41. Ne4 Kg7 42. Kg3 Ba5 43. Kf3 Rc1 44. Kg4 Rc2 45. g3 c6 46. f5 Bd8
47. Rf3 gxf5+ 48. Kxf5 Kf7 49. g4 Ra2 50. g5 Ra5+ 51. Kg4+ Kg6 52. Rf8 Be7 53.
Rg8+ Kf7 54. Rc8 Ra1 55. Rxc6 Rg1+ 56. Kf5  1-0

[Event " PANAMERICANO SUB20 Femenino "COLOMBIA 2016" Guatapé (Antioquia) Junio 19 al 2"]
[Site "Guatape-Colombia"]
[Date "2016.06.22"]
[Round "4"]
[Board "4"]
[White "Salcedo, Jackeline"]
[Black "Toro Castaneda, Elizabeht"]
[Result "0-1"]
[WhiteElo "1995"]
[BlackElo "1792"]
[PlyCount "0"]
[EventDate "2016.06.20"]
[EventRounds "9"]
[EventCountry "COL"]

1. c4 e6 2. Nc3 d5 3. d4 c6 4. Nf3 Nf6 5. Bg5 Be7 6. e3 O-O 7. Bd3 dxc4 8. Bxc4
b5 9. Bd3 Bb7 10. e4 a6 11. O-O Nbd7 12. Qe2 c5 13. e5 Nd5 14. Qe4 g6 15. Qh4
f6 16. exf6 N7xf6 17. Qh3 Bc8 18. Qh4 c4 19. Be2 Nxc3 20. bxc3 Nd5 21. Bxe7
Qxe7 22. Qxe7 Nxe7 23. a4 Bb7 24. Ng5 Bd5 25. Bg4 Nf5 26. Rfe1 Rfe8 27. Re5 h6
28. Nh3 Kf7 29. Bxf5 gxf5 30. Nf4 Red8 31. f3 Rab8 32. axb5 axb5 33. Ra7+ Kf6
34. h4 b4 35. cxb4 Rxb4 36. Kh2 c3 37. Nh5+ Kg6 38. g4 Rg8 39. Nf4+ Kf6 40.
Rxd5 Rb2+ 41. Kh3 exd5 42. Nxd5+ Ke6 43. Nxc3 fxg4+ 44. fxg4 Rb3 45. Rc7 Kd6
46. Rc5 Re8 47. Kg2 Re3 48. Nb5+ Kd7 49. Rd5+ Ke7 50. Kf2 Rf3+ 51. Ke2 Rh3 52.
Re5+ Kf8 53. Rf5+ Kg7 54. Kf1 Rh2 55. Kg1 Rd2 56. Nd6 Rb1+ 57. Rf1 Rxf1+ 58.
Kxf1 Kg6 59. Nf5 h5 60. d5 hxg4 61. Ne3 Kh5 62. Ng2 g3 63. d6 Rxd6 64. Ke2 Kg4
65. Ne3+ Kh3 66. Kf1 Re6 67. Ng2 Ra6 68. Nf4+ Kh2 69. h5 Ra1+ 70. Ke2 g2  0-1

[Event " PANAMERICANO SUB20 Femenino "COLOMBIA 2016" Guatapé (Antioquia) Junio 19 al 2"]
[Site "Guatape-Colombia"]
[Date "2016.06.22"]
[Round "4"]
[Board "5"]
[White "Velez Alvarez, Laura Camila"]
[Black "Sanchez Zambrano, Vanessa"]
[Result "1/2-1/2"]
[WhiteElo "1876"]
[BlackElo "1909"]
[PlyCount "0"]
[EventDate "2016.06.20"]
[EventRounds "9"]
[EventCountry "COL"]

1. e4 c5 2. Nf3 d6 3. d4 cxd4 4. Qxd4 Nc6 5. Bb5 Bd7 6. Bxc6 Bxc6 7. Nc3 Nf6 8.
Bg5 e6 9. Qd3 Be7 10. O-O-O O-O 11. Nd4 Rc8 12. f4 Qa5 13. f5 e5 14. Nb3 Qb6
15. Bxf6 Bxf6 16. g4 Bg5+ 17. Kb1 Rfd8 18. h4 Bf4 19. g5 Qc7 20. Rhg1 b5 21. g6
b4 22. gxh7+ Kxh7 23. Ne2 Bh6 24. Ng3 d5 25. Qe2 dxe4 26. Nxe4 Bxe4 27. Qxe4
Rxd1+ 28. Rxd1 Qc4 29. Re1 Bf4 30. Na5 Qxe4 31. Rxe4 Rd8 32. Re1 Rd5 33. Nb3 e4
34. c4 bxc3 35. Rxe4 Rd1+ 36. Kc2 cxb2 37. Kxb2 Bd6 38. Kc2 Rf1 39. Rd4 Be5 40.
Rd7 Rf2+ 41. Kd3 Rxa2 42. Rxf7 Bf6 43. h5 a5 44. Nd2 Kh6 45. Ne4 Ra3+ 46. Kc4
Ra4+ 47. Kd3 Ra3+ 48. Kc4 Ra4+ 49. Kd3 Kxh5 50. Nxf6+ gxf6 51. Rxf6 Kg5 52. Rf8
Rf4 53. Kc3 Rf3+ 54. Kb2 a4 55. Ra8 Rf4 56. Ka3 Kxf5 57. Rf8+  1/2-1/2

[Event " PANAMERICANO SUB20 Femenino "COLOMBIA 2016" Guatapé (Antioquia) Junio 19 al 2"]
[Site "Guatape-Colombia"]
[Date "2016.06.22"]
[Round "4"]
[Board "6"]
[White "Loaiza, Yurani"]
[Black "Cespedes Galindo, Estefania"]
[Result "1-0"]
[WhiteElo "1962"]
[BlackElo "1713"]
[PlyCount "0"]
[EventDate "2016.06.20"]
[EventRounds "9"]
[EventCountry "COL"]

1. d4 Nf6 2. c4 e6 3. Nf3 Bb4+ 4. Bd2 a5 5. g3 d6 6. Nc3 Nbd7 7. Bg2 O-O 8. O-O
Re8 9. Qc2 c6 10. e4 e5 11. Rfe1 Qc7 12. Rac1 exd4 13. Nxd4 Ne5 14. Nce2 Bc5
15. Nb3 Bb4 16. Nbd4 Bc5 17. h3 Qb6 18. Be3 Be6 19. b3 a4 20. Rb1 axb3 21. axb3
Qa5 22. f4 Qb6 23. b4 Nxc4 24. bxc5 Nxe3 25. Rxb6 Nxc2 26. Nxc2 Ra2 27. Ncd4
Bc4 28. Nc3 Ra3 29. Nde2 Nd7 30. Rxb7 Nxc5 31. Rb4 Bxe2 32. Nxe2 Nd3 33. Reb1
Nxb4 34. Rxb4 c5 35. Rb6 Rd8 36. Rc6 f6 37. Kf2 Ra2 38. Ke3 f5 39. Kf2 fxe4 40.
Bxe4 d5 41. Bf5 d4 42. Be6+  1-0

[Event " PANAMERICANO SUB20 Femenino "COLOMBIA 2016" Guatapé (Antioquia) Junio 19 al 2"]
[Site "Guatape-Colombia"]
[Date "2016.06.22"]
[Round "4"]
[Board "7"]
[White "Solis Chimoy, Blanca"]
[Black "Eswaran, Ashritha"]
[Result "0-1"]
[WhiteElo "1931"]
[BlackElo "2261"]
[PlyCount "0"]
[EventDate "2016.06.20"]
[EventRounds "9"]
[EventCountry "COL"]

1. d4 Nf6 2. Nf3 e6 3. c4 c5 4. Nc3 cxd4 5. Nxd4 d5 6. cxd5 Nxd5 7. Qa4+ Bd7 8.
Qb3 Bb4 9. e4 Bxc3+ 10. bxc3 Nb6 11. Ba3 Nc6 12. Nb5 Nc8 13. Bd6 Nxd6 14. Nxd6+
Kf8 15. Nxb7 Qe7 16. Ba6 Rb8 17. Qc4 Be8 18. Nc5 Rb6 19. Rd1 Nb8 20. Bb7 Rb5
21. Nb3 Rxb7 22. Qc8 Nc6 23. O-O Qc7 24. Qxc7 Rxc7 25. c4 Ke7 26. c5 Nb4 27.
Rd2 Bb5 28. Rfd1 Ba4 29. Rd4 Bxb3 30. axb3 Na6 31. b4 Rb8 32. c6 Rxb4 33. Rd7+
Kf6 34. f3 Rc4 35. Ra1 R4xc6 36. Rxc7 Nxc7 37. Rxa7 Rc2 38. Ra5 e5 39. h3 Ne6
40. Ra6 Kg5 41. Ra7 f6 42. Re7 Rc6 43. Kh2 Kg6 44. h4 Nf4 45. g4 Rc2+ 46. Kg1
Ne2+ 47. Kf2 Nd4+ 48. Kg3 Rc3 49. h5+ Kh6 50. g5+ fxg5 51. Rxe5 Rxf3+ 52. Kg2
Rf7 53. Rd5 Ne6 54. Rd6 Re7 55. Kg3 Kxh5 56. Rd5 Nf4  0-1

[Event " PANAMERICANO SUB20 Femenino "COLOMBIA 2016" Guatapé (Antioquia) Junio 19 al 2"]
[Site "Guatape-Colombia"]
[Date "2016.06.22"]
[Round "4"]
[Board "8"]
[White "Henao Garcia, Estefania"]
[Black "Cosme Contreras, Trilce"]
[Result "0-1"]
[WhiteElo "1349"]
[BlackElo "1768"]
[PlyCount "0"]
[EventDate "2016.06.20"]
[EventRounds "9"]
[EventCountry "COL"]

1. e4 c5 2. Nf3 d6 3. d4 cxd4 4. Nxd4 Nf6 5. Nc3 a6 6. Be3 e6 7. Bd3 Be7 8. O-O
O-O 9. Nf3 Qc7 10. Qd2 b5 11. Ne2 Ng4 12. Ng3 Nxe3 13. fxe3 Nd7 14. Rf2 Nb6 15.
Raf1 Bb7 16. Nd4 Rac8 17. Qe2 Nc4 18. Bxc4 Qxc4 19. Qxc4 Rxc4 20. c3 Rcc8 21.
h3 Bh4 22. Nde2 g6 23. Rd1 Be7 24. e5 dxe5 25. Rd7 Bc5 26. Rxb7 Bxe3 27. Ne4
Kg7 28. N2g3 Rb8 29. Rxb8 Rxb8 30. Nf1 Bxf2+ 31. Kxf2 b4 32. c4 Rc8 33. b3 Rc6
34. Nfd2 f5 35. Ng5 e4 36. h4 h6 37. Nh3 Kf6 38. Nf4 g5 39. hxg5+ hxg5 40. Ne2
Ke5 41. g3 f4 42. gxf4+ gxf4 43. Nf1 a5 44. Ke1 a4 45. Nc1 a3 46. Ke2 Kd4 47.
Kd2 e3+ 48. Ke2 e5 49. Nh2 e4 50. Nf1 Kc3 51. Ke1 Kb2 52. Kd1 Rd6+ 53. Ke2 Kxc1
54. Ke1 Rd3 55. Nxe3 Rxe3+ 56. Kf2 Kd2 57. Kg2 Ke2 58. Kh2 Kf2 59. Kh1 Rh3#  0-1

[Event " PANAMERICANO SUB20 Femenino "COLOMBIA 2016" Guatapé (Antioquia) Junio 19 al 2"]
[Site "Guatape-Colombia"]
[Date "2016.06.22"]
[Round "4"]
[Board "9"]
[White "Rosales Murillo, Cristina"]
[Black "Becerra Fonseca, Camila"]
[Result "1-0"]
[WhiteElo "1747"]
[BlackElo "1325"]
[PlyCount "65"]
[EventDate "2016.06.20"]
[EventRounds "9"]
[EventCountry "COL"]

1. e4 c5 2. Nf3 e6 3. d4 cxd4 4. Nxd4 a6 5. Bc4 b5 6. Bb3 Bc5 7. O-O Nf6 8. e5
Nd5 9. Bxd5 exd5 10. Nf5 O-O 11. Qg4 g6 12. Nh6+ Kh8 13. b4 d6 14. Qg3 Bxb4 15.
Bg5 f6 16. exf6 Nd7 17. f7 Nf6 18. Qh4 Kg7 19. Qxb4 Qe7 20. Re1 Qd8 21. Qd4 Bb7
22. Nc3 Rc8 23. Re8 Rc4 24. Qxf6+ Qxf6 25. Bxf6+ Kxf6 26. Rxf8 Kg7 27. Rg8+
Kxh6 28. f8=Q+ Kg5 29. Rg7 Bc6 30. Rxh7 Rxc3 31. h4+ Kg4 32. Qf6 Rxc2 33. Qg5#
 1-0

[Event " PANAMERICANO SUB20 Femenino "COLOMBIA 2016" Guatapé (Antioquia) Junio 19 al 2"]
[Site "Guatape-Colombia"]
[Date "2016.06.22"]
[Round "4"]
[Board "11"]
[White "Varela, Maria De Los Angeles"]
[Black "Velasquez, Angie Gabriela"]
[Result "1-0"]
[WhiteElo "1602"]
[BlackElo "1736"]
[PlyCount "35"]
[EventDate "2016.06.20"]
[EventRounds "9"]
[EventCountry "COL"]

1. e4 c5 2. Nf3 e6 3. c3 a6 4. d4 cxd4 5. cxd4 Qc7 6. Bd3 Nf6 7. O-O Nc6 8. Bg5
Be7 9. Nc3 h6 10. Bh4 O-O 11. Re1 Qd8 12. a3 b5 13. Bg3 d5 14. e5 Nd7 15. Ne2
Nb6 16. Bb1 Bd7 17. Qc2 Be8 18. Nf4  1-0

[Event " PANAMERICANO SUB20 Femenino "COLOMBIA 2016" Guatapé (Antioquia) Junio 19 al 2"]
[Site "Guatape-Colombia"]
[Date "2016.06.22"]
[Round "5"]
[Board "1"]
[White "Fuentes Godoy, Lilia Ivonne"]
[Black "Roca Rojas, Ana Flavia"]
[Result "1/2-1/2"]
[WhiteElo "2094"]
[BlackElo "2177"]
[PlyCount "0"]
[EventDate "2016.06.20"]
[EventRounds "9"]
[EventCountry "COL"]

1. d4 d5 2. c4 Bf5 3. Nc3 e6 4. Nf3 c6 5. g3 Nf6 6. Bg2 Nbd7 7. Qb3 Qb6 8. c5
Qxb3 9. axb3 Ne4 10. O-O Be7 11. b4 O-O 12. Nd2 Nxd2 13. Bxd2 Bf6 14. Be3 a6
15. f4 Be7 16. Bd2 Nf6  1/2-1/2

[Event " PANAMERICANO SUB20 Femenino "COLOMBIA 2016" Guatapé (Antioquia) Junio 19 al 2"]
[Site "Guatape-Colombia"]
[Date "2016.06.22"]
[Round "5"]
[Board "2"]
[White "Toro Castaneda, Elizabeht"]
[Black "Monroy G., Nataly A."]
[Result "0-1"]
[WhiteElo "1792"]
[BlackElo "1999"]
[PlyCount "0"]
[EventDate "2016.06.20"]
[EventRounds "9"]
[EventCountry "COL"]

1. e4 c5 2. Nf3 Nc6 3. Bb5 e6 4. O-O Nge7 5. Re1 a6 6. Bf1 Ng6 7. c3 d5 8. exd5
Qxd5 9. d4 Be7 10. dxc5 Qxc5 11. Be3 Qa5 12. Nbd2 b5 13. b4 Qc7 14. a4 Rb8 15.
axb5 axb5 16. Nb3 O-O 17. Nbd4 Nxd4 18. Bxd4 Ra8 19. Qc1 Bd6 20. g3 Bb7 21. Bg2
Bd5 22. Nd2 Bxg2 23. Kxg2 e5 24. Be3 Rac8 25. Nb1 f5 26. Qd1 Kh8 27. Qb3 f4 28.
Bd2 e4 29. Ra7 Ne5 30. Rd1 Nf3 31. Kf1 e3 32. fxe3 fxe3  0-1

[Event " PANAMERICANO SUB20 Femenino "COLOMBIA 2016" Guatapé (Antioquia) Junio 19 al 2"]
[Site "Guatape-Colombia"]
[Date "2016.06.22"]
[Round "5"]
[Board "3"]
[White "Eswaran, Ashritha"]
[Black "Argote Heredia, Valentina"]
[Result "1-0"]
[WhiteElo "2261"]
[BlackElo "2039"]
[PlyCount "0"]
[EventDate "2016.06.20"]
[EventRounds "9"]
[EventCountry "COL"]

1. e4 c5 2. Nf3 d6 3. d4 cxd4 4. Nxd4 Nf6 5. Nc3 a6 6. g3 b5 7. Bg2 Bb7 8. a4
b4 9. Nd5 e6 10. Nxf6+ Qxf6 11. O-O Qd8 12. Bd2 d5 13. e5 Nd7 14. a5 Bc5 15.
Nb3 Be7 16. Qe1 Qc7 17. Bxb4 Bxb4 18. Qxb4 Nxe5 19. Rfe1 Nc4 20. Nc5 Rb8 21.
Nxb7 Rxb7 22. Qa4+ Qd7 23. Bxd5 Nxb2 24. Qxd7+ Rxd7 25. Bc6 Ke7 26. Bxd7 Kxd7
27. Reb1 Ke8  1-0

[Event " PANAMERICANO SUB20 Femenino "COLOMBIA 2016" Guatapé (Antioquia) Junio 19 al 2"]
[Site "Guatape-Colombia"]
[Date "2016.06.22"]
[Round "5"]
[Board "4"]
[White "Brizzi, Milagros Tatiana"]
[Black "Velez Alvarez, Laura Camila"]
[Result "1-0"]
[WhiteElo "1990"]
[BlackElo "1876"]
[PlyCount "0"]
[EventDate "2016.06.20"]
[EventRounds "9"]
[EventCountry "COL"]

1. e4 c5 2. Nf3 d6 3. d4 cxd4 4. Nxd4 Nf6 5. Nc3 g6 6. Be3 Bg7 7. f3 O-O 8. Qd2
Nc6 9. Bc4 Bd7 10. O-O-O Ne5 11. Bb3 Qc7 12. g4 Nc4 13. Bxc4 Qxc4 14. Bh6 b5
15. Kb1 b4 16. Nd5 Nxd5 17. exd5 e5 18. Nf5 Bxh6 19. Qxh6 Bxf5 20. gxf5 Qf4 21.
Qxf4 exf4 22. Rd4 a5 23. Rxf4 Rae8 24. a3 bxa3 25. bxa3 Rb8+ 26. Kc1 Rb5 27.
Rd1 Rfb8 28. fxg6 hxg6 29. Rd3 Kg7 30. Rc4 Rb1+ 31. Kd2 Rh1 32. h4 Rh2+ 33. Kc3
Rb1 34. Rc6 Rxh4 35. Rxd6 Ra1 36. Kb2 Rhh1 37. Ra6 Rhb1+ 38. Kc3 Rxa3+ 39. Kc4
Ra4+ 40. Kc5 Rc1 41. c3 Ra3 42. Kd4 Ra4+ 43. Ke5 Rc4 44. Rc6 Re1+ 45. Kd6 Rh4
46. Rc8 Kf6 47. c4 a4 48. c5 Rb4 49. c6 Re7 50. Ra8 Rc4 51. Ra3 g5 52. R3xa4
Rc3 53. Re4 Rxe4 54. fxe4 Kg7 55. c7  1-0

[Event " PANAMERICANO SUB20 Femenino "COLOMBIA 2016" Guatapé (Antioquia) Junio 19 al 2"]
[Site "Guatape-Colombia"]
[Date "2016.06.22"]
[Round "5"]
[Board "5"]
[White "Sanchez Zambrano, Vanessa"]
[Black "Loaiza, Yurani"]
[Result "0-1"]
[WhiteElo "1909"]
[BlackElo "1962"]
[PlyCount "0"]
[EventDate "2016.06.20"]
[EventRounds "9"]
[EventCountry "COL"]

1. d4 d5 2. Nf3 c6 3. c4 e6 4. e3 f5 5. Be2 Nf6 6. O-O Bd6 7. b3 Nbd7 8. Ba3
Bxa3 9. Nxa3 O-O 10. Nc2 Ne4 11. Nb4 g5 12. Nd3 g4 13. Nfe5 Qg5 14. Qc1 Qh4 15.
f3 g3 16. h3 Ng5 17. Qd2 Rf6 18. Rfe1 Nxe5 19. Nxe5 b6 20. Bd3 Bb7 21. cxd5
exd5 22. Rac1 Rd8 23. f4 Nf7 24. b4 Nxe5 25. fxe5 Rff8 26. Rf1 Qg5 27. Rf4 Rde8
28. h4 Qg6 29. Qc2 Bc8 30. Qxc6 Be6 31. Ba6 Rc8 32. Bxc8 Rxc8 33. Qxc8+ Bxc8
34. Rxc8+ Kg7 35. b5 Qh5 36. Rc7+ Kf8 37. Rc6 Qe2 38. Rxf5+ Ke8 39. Re6+ Kd7
40. Rd6+ Ke7 41. Rdf6 Qe1+ 42. Rf1 Qxe3+ 43. Kh1 Qxd4 44. R6f5  0-1

[Event " PANAMERICANO SUB20 Femenino "COLOMBIA 2016" Guatapé (Antioquia) Junio 19 al 2"]
[Site "Guatape-Colombia"]
[Date "2016.06.22"]
[Round "5"]
[Board "6"]
[White "Gomez Barrera, Javiera Belen"]
[Black "Salcedo, Jackeline"]
[Result "0-1"]
[WhiteElo "1959"]
[BlackElo "1995"]
[PlyCount "0"]
[EventDate "2016.06.20"]
[EventRounds "9"]
[EventCountry "COL"]

1. e4 e6 2. d4 d5 3. Nc3 Nf6 4. Bg5 Bb4 5. e5 h6 6. Bd2 Bxc3 7. Bxc3 Ne4 8. Bb4
c5 9. dxc5 Nxf2 10. Bb5+ Bd7 11. Bxd7+ Nxd7 12. Qd4 Nxh1 13. Nf3 Qc7 14. O-O-O
Rc8 15. Rxh1 Nxc5 16. Bxc5 Qxc5 17. Qxc5 Rxc5 18. Nd4 Ke7 19. Re1 Rhc8 20. Kd2
a6 21. b3 b5 22. Re3 b4 23. Kc1 Rc3 24. Rxc3 Rxc3 25. Kd2 Rc5 26. Ke3 Kd7 27.
Kd2 Ra5 28. Ne2 Rxa2 29. Nc1 Ra1 30. Nd3 a5 31. Ke2 Rg1 32. Kf2 Rd1 33. Ke2
Rxd3 34. Kxd3 f6 35. Kd4 Kc6  0-1

[Event " PANAMERICANO SUB20 Femenino "COLOMBIA 2016" Guatapé (Antioquia) Junio 19 al 2"]
[Site "Guatape-Colombia"]
[Date "2016.06.22"]
[Round "5"]
[Board "7"]
[White "Cosme Contreras, Trilce"]
[Black "Rosales Murillo, Cristina"]
[Result "1/2-1/2"]
[WhiteElo "1768"]
[BlackElo "1747"]
[PlyCount "0"]
[EventDate "2016.06.20"]
[EventRounds "9"]
[EventCountry "COL"]

1. c4 e5 2. Nc3 Nc6 3. g3 g6 4. Bg2 Bg7 5. d3 d6 6. Rb1 a5 7. a3 f5 8. e3 Nf6
9. Nge2 O-O 10. b4 axb4 11. axb4 Qe8 12. O-O g5 13. d4 e4 14. f4 g4 15. d5 Ne7
16. Nb5 Nfxd5 17. Ned4 Bd7 18. cxd5 Bxb5 19. Nxb5 Qxb5 20. Rf2 Qxd5 21. Bb2
Bxb2 22. Rfxb2 Qxd1+ 23. Rxd1 Ra3 24. Kf2 Rfa8 25. Bf1 d5 26. Rdd2 Kf7 27. h3
h5 28. b5 Ke6 29. Rdc2 Kd6 30. h4 R8a4 31. Rd2 Rc3 32. Rdc2 d4 33. exd4 Rxc2+
34. Rxc2 Rxd4 35. Ke3 Rd1 36. Bc4 Nd5+ 37. Bxd5 Rxd5 38. Rb2 Rd3+ 39. Kf2 e3+
40. Ke1 Rd2 41. Rb3 Rd4 42. Ke2 Re4 43. Rd3+ Ke6 44. Rc3 Kd6 45. Rd3+ Kc5 46.
Rd7 Kxb5 47. Rxc7 Ka6 48. Rc5 b5 49. Rxf5 b4 50. Rc5 Kb6 51. Rc1 Kb5 52. f5 b3
53. f6 Re8 54. f7 Rf8 55. Rf1 Kc4 56. Kxe3 b2 57. Rb1 Kb3 58. Kf4 Rxf7+ 59. Kg5
Rf3 60. Rg1 Ka2 61. Kxh5 Rc3 62. Kxg4 Ka3 63. Rb1 Rc8 64. h5 Rg8+ 65. Kh4 Ka2
66. Rg1 b1=Q 67. Rxb1 Kxb1 68. g4 Kc2 69. h6 Kd3 70. g5 Ke4 71. h7 Rh8 72. g6
Kf5 73. Kh5 Kf6 74. Kh6 Rb8 75. g7 Rb1 76. g8=N+ Kf7 77. Nf6 Rb8  1/2-1/2